000 00546nam a2200193Ia 4500
999 _c32421
_d32421
003 OSt
005 20200825111723.0
008 190216s9999||||xx |||||||||||||| ||und||
020 _a9788181285195
040 _coclc
082 _a511.322
_bZIM/F
100 _aZimmermann, H J
_94002
245 0 _aFuzzy Set Theory And Its Applications /
_cH J Zimmermann
250 _a4th Ed.
260 _bSpringer,
_c2012.
_aNew Delhi:
300 _a514p
650 _aSet Theory
942 _cBK
_2ddc
_h511.322
_iZIM/F
_k511.322
_mZIM/F